| 000 | 00416 a2200145 4500 | ||
|---|---|---|---|
| 020 | _a788958117048 (UPC) | ||
| 041 | _aeng | ||
| 100 | _aPlayskool | ||
| 245 | _aPlayskool Alphabet : identify, read and write letters. Fun learning activities. | ||
| 260 | _a[No place designated] : Hasbro, c2010. | ||
| 300 |
_a31 pages : illus. _c27 cm |
||
| 500 | _aColoring book. Preschool Ages 3+ | ||
| 942 | _cBK | ||
| 952 | _71 | ||
| 999 |
_c21047 _d21047 |
||